000 00997cam a22002897a 4500
003 CHAP
005 20220329134845.0
008 971013s1959 r 10010 d
010 _a27019
011 _a27991
035 _a32092
040 _cCHAP
082 _a631.88
_bC65 1959
111 0 0 _aCongreso Mundial de Fertilizantes (
_n3
_d: 1959
_c: Heidelberg)
_926862
245 1 2 _aA hundred years of successful fertilizer practice
_b: communications of the IIIrd. World Fertilizer Congress..
260 _aFrankfurt :
_bJ.D. Sauerlander's Verlag,
_c1959
300 _a258 p.
_b: ilus.
590 _aBATCH-UPD
_b10
_c20130110
_lUCH01
_h0210
590 _aBATCH-UPD
_b10
_c20130110
_lUCH01
_h2133
590 _aCONVERSION
_b10
_c20130109
_lUCH01
_h1316
650 1 4 _aAbonos
_xCongresos.
_9237
650 1 4 _aFertilizantes
_xCongresos.
_940467
700 0 _aSchmitt, Ludwig
_eed.
_9103075
901 _aBK
942 _cLIBRO
949 _a631.88 C65 1959
_bBC
_cLIBRO
_d33724000173415
_eLIBRO
_h27529
_i32092
_si
999 _c27019
_d27019